Quick Pick: Real 'U' to 'Z' Elements Quiz Stats

 Plays Quiz Updated Oct 17, 2017

Challenge
Share
Tweet
Embed
Score 0/7 Timer 01:00
5 Plays Today
% Correct
uranium
88.5%
zinc
86.7%
xenon
84.1%
zirconium
80.1%
yttrium
74%
vanadium
72.2%
ytterbium
68.4%

Today's Daily Dose

You're not logged in!

Compare scores with friends on all Sporcle quizzes.
OR
Log In

You Might Also Like...

Show Comments

Extras

Top Quizzes Today


Score Distribution

Your Account Isn't Verified!

In order to create a playlist on Sporcle, you need to verify the email address you used during registration. Go to your Sporcle Settings to finish the process.

Report this User

Report this user for behavior that violates our Community Guidelines.

Details: